[Event "Aerosvit 2007"]
[Site "Foros RUS"]
[Date "2007.06.25"]
[Round "7"]
[White "GM Ivanchuk, Vassily(UKR)"]
[Black "GM Eljanov, Pavel(UKR)"]
[Result "1-0"]
[WhiteElo "2729"]
[BlackElo "2686"]
[Annotator "Ëåáåäåâ Âàñèëèé"]
[PlyCount "105"]
[EventDate "2007.06.26"]

1. d4 Nf6 2. c4 e6 3. Nf3 b6 4. g3 Ba6 5. Qc2 Bb7 6. Bg2 c5 7. d5 exd5 8. cxd5
Nxd5 9. O-O Be7 10. Rd1 Qc8 (10... Nc6 11. Qa4 Nf6 12. Nc3 O-O 13. g4 Nb4 14.
a3 Nbd5 15. Nxd5 Bxd5 16. g5 Bc6 17. Qh4 Ne8 18. Ne5 Bxg2 19. Rxd7 Bb7 20. Rxd8
Rxd8 21. Be3 Rd5 22. Nf3 Nd6 23. Qa4 b5 24. Qc2 Nf5 25. a4 b4 26. Rd1 Rxd1+ 27.
Qxd1 Nxe3 28. fxe3 Rd8 29. Qc2 g6 30. h4 Bd6 31. Kf2 a6 32. Nd2 Bf8 33. Nc4 Bc8
34. Qe4 Be6 35. b3 Rd5 36. Kg3 h6 37. gxh6 Bxh6 38. Qf3 Kh7 39. e4 Rh5 40. Nd6
Bg5 41. Nxf7 Bxh4+ 42. Kg2 c4 43. bxc4 Kg8 44. Nd6 Rg5+ 45. Kh1 Rg3 46. Qf4
Rh3+ {(1/2 Shirov,A (2699) - Aronian,L (2759)/Elista RUS 2007).}) 11. Qf5 Nf6
12. Nc3 O-O (12... Nc6 13. Bg5 d5 14. Nh4 Nd4 15. Qxc8+ Rxc8 16. e3 Ne6 17.
Bxf6 Bxf6 18. Nf5 Rd8 19. Nxd5 Bxd5 20. Bxd5 O-O 21. Rab1 g6 22. Bxe6 Rxd1+ 23.
Rxd1 fxe6 24. Nd6 Rd8 25. Rd2 Bxb2 26. Nc4 Rxd2 27. Nxd2 b5 28. Kf1 c4 29. Ke2
Kf7 30. Ne4 Ke7 31. g4 a5 32. Kd2 b4 33. Kc2 Bg7 34. Nd2 c3 35. Nb3 Be5 36.
Nxa5 Bxh2 37. Nc6+ Kd6 38. Nxb4 Bg1 39. Nd3 h5 40. Kxc3 h4 41. Nf4 Bxf2 42. Kd3
Bg3 43. Ke4 Be1 44. Nxg6 h3 45. Kf3 h2 46. Kg2 Bg3 47. Nf4 Ke7 48. a4 e5 49.
Ne2 Bf2 50. e4 Kf6 51. Kxh2 Kg5 52. Kh3 Bb6 53. Nc3 Ba5 54. Nd5 Be1 55. Nb6 Kf4
56. Nc4 Kxe4 57. a5 Kd5 58. a6 Bf2 59. g5 Ke6 60. Kg4 Bc5 61. Nd2 Be3 62. Ne4
Bd4 63. g6 Be3 64. Kh5 Ke7 65. Nd6 Kf6 66. g7 {
(1-0 Gelfand,B (2733) - Leko,P (2749)/Odessa UKR 2007).}) 13. Bg5 d5 (13... d6
14. Qxc8 Rxc8 15. Nb5 Nbd7 16. Nxd6 Bxd6 17. Rxd6 h6 18. Be3 Nf8 19. Nh4 Bxg2
20. Kxg2 Ne8 21. Rd3 Rd8 22. Rad1 Ne6 23. Nf5 Kf8 24. g4 Rxd3 25. Rxd3 Rd8 26.
Rxd8 Nxd8 27. Bf4 Nc6 28. Kf3 Ne7 29. Bb8 Nc6 30. Bf4 Ne7 31. Bd6 Nxd6 32. Nxd6
Nc6 33. Ke4 g6 34. a3 Ke7 35. Kd5 Nd4 36. e3 Nf3 37. h3 Ne1 38. Nc8+ Kd7 39.
Nxa7 Nd3 40. Nc6 {(1/2 Gelfand,B (2733)-Ivanchuk,V (2729)/Sochi RUS 2007).})
14. Nh4 $146 (14. Qxc8 Rxc8 15. Nh4 Nbd7 16. Nf5 Bf8 17. Nxd5 Nxd5 18. Bxd5
Bxd5 19. Rxd5 {(1/2 Khalifman,A (2624) - Khairullin,I (2586)/Sochi RUS 2007).})
14... Nc6 (14... Qxf5 $2 15. Nxf5 Nc6 (15... Bd8 16. Bxf6 Bxf6 (16... gxf6 17.
Rxd5 $1) 17. Nxd5 $18) 16. Bxf6 $1 Bxf6 17. Nxd5 $16 Bxb2 $140 18. Rab1 Bf6 19.
Nxf6+ gxf6 20. Bxc6 Bxc6 21. Ne7+ $18) (14... g6 15. Qxc8 Rxc8 (15... Bxc8 $4
16. Bxf6 Bxf6 17. Bxd5 $18) 16. Bxf6 Bxf6 17. Nxd5 Bxd5 18. Rxd5 Nc6 $140 19.
Rd6 {Äåâÿòêèí - https://chesspro.ru/chessonline/onlines/index_419.html}) (14...
Nbd7 15. Nxd5 Bxd5 16. Bxd5 Nxd5 17. Rxd5 Bxg5 (17... Nf6 $142 $5 18. Re5 Bd8
$1 {Äåâÿòêèí} 19. Rd1 Qxf5 20. Nxf5 $36 Ng4 21. Ne7+ Bxe7 22. Rxe7 Rfe8 23.
Rdd7 h6 $140 24. Rxf7 $5 hxg5 25. Rxg7+ Kh8 26. Rh7+ Kg8 27. Rdg7+ Kf8 28. Rf7+
Kg8 29. h4 $1) 18. Qxg5 h6 19. Qf4 Nf6 (19... g5 $4 20. Rxg5+ $1 $18) 20. Rd6
Qh3 21. e4 $1 $36 (21. Rxf6 $5 gxf6 22. Qxh6 Qg4 23. Qxf6 Qg7 24. Qf4 Qxb2 25.
Rd1 Rfe8 (25... Qxe2 26. Qg5+ Kh8 27. Rd6 $18) 26. Nf5 $36) 21... Rfd8 22. Rad1
Rxd6 23. Rxd6) 15. Qxc8 Rfxc8 16. Nf5 $36 Kf8 17. Nb5 $6 (17. Bxf6 $5 Bxf6 18.
Nd6 Bxc3 19. bxc3 (19. Nxc8 $6 Bxb2 20. Rab1 Be5 $1 21. Nxb6 axb6 $15) 19...
Rc7 20. Nxb7 $5 (20. Bxd5 $14 {Äåâÿòêèí}) 20... Rxb7 21. Rxd5 $14 Rc7 22. Rd6
Rac8 23. Rad1 $14) 17... Ne8 (17... Ba6 $5) 18. Bf4 (18. Bxe7+ Nxe7 19. Nfd6
Nxd6 20. Nxd6 Rc7 21. Nxb7 Rxb7 22. Bxd5 Nxd5 23. Rxd5 Re7 $11 {Äåâÿòêèí})
18... g6 (18... d4 $6 19. e3 $5 (19. Bd6 $1 {Äåâÿòêèí} Ba6 $140 $1 20. Bxe7+
Nxe7 21. Nxe7 Kxe7 22. Bxa8 Rxa8 23. a4 Bxb5 24. axb5 Nd6 25. b4 $3 $14 Nxb5
26. bxc5 bxc5 27. Rdb1 Nd6 28. Ra5) (19. Nbd6 $5) 19... dxe3 $140 (19... Nd8
$142 $1) 20. Rd7 $1 Ba6 (20... exf2+ 21. Kxf2 Ba6 22. Nxe7 $16) 21. a4 $1 Nf6
22. Bxc6 Nxd7 23. Bxa8 Rxa8 24. Nc7 $16) 19. Nfd6 Nxd6 20. Nxd6 Bxd6 21. Bxd6+
Ne7 (21... Kg8 $5 22. Bxd5 Rd8 23. Bf3 Rd7 24. Bf4 Nd4 25. Bxb7 Rxb7 26. e3
Ne2+ 27. Kg2 Nxf4+ 28. gxf4 $11) 22. Bxd5 Bxd5 23. Rxd5 Rd8 (23... Re8 $1 24.
Rad1 Kg7 {Äåâÿòêèí}) 24. Rad1 Ke8 25. Re5 Rd7 26. Rd3 f6 $2 (26... a5 $1 {
Rybka, Äåâÿòêèí ;)} 27. Rde3 $140 Raa7 $1) 27. Re4 $1 f5 (27... Kf7 $2 28. Bxc5
$1) (27... a5 28. Rde3 Raa7 29. Re6 Kf7 30. Bxe7 Rxe7 31. Rxb6 $16) 28. Re5 a6
29. Rde3 Raa7 (29... Rxd6 30. Rxe7+ Kf8 31. Rxh7 Rad8 32. Ree7 $16) 30. Re6
Rab7 (30... Kf7 31. Bxe7 Rxe7 32. Rxb6 $16) 31. Rf6 $22 c4 (31... Kd8 $4 32.
Rf8#) (31... Rd8 32. Bxe7 Rxe7 33. Rxe7+ Kxe7 34. Rxb6 Rd2 35. Kf1 $16) 32. Kf1
a5 33. Ke1 (33. a4 $5 b5 $140 34. Rc3 $5 (34. axb5 Rxb5 35. Ba3 Rb3 $1 36. Rxb3
cxb3 37. Ra6 Rd1+ 38. Kg2 Rd2 39. Rxa5 Rxe2 40. Rb5 Nc6 41. Rxb3 $16 {Äåâÿòêèí}
) 34... bxa4 35. Rxc4 Rd8 (35... Rxb2 $4 36. Rc8+ $1) 36. e4 $1 (36. Ba3 $5 Rc8
37. Rxa4 Rc6 38. Rxc6 Nxc6 39. Rc4 $16) 36... Rxb2 $140 (36... fxe4 37. Rxe4
Rbd7 (37... Rdd7 38. Ref4 $18) 38. Ba3 $1) (36... Rc8 $142 37. Rxa4 Rb5 38. b4
$1) 37. Rc7 Rd7 38. Rf8+ $1 Kxf8 39. Rxd7 fxe4 40. Bxe7+ Ke8 41. Ra7) 33... b5
34. Kd2 (34. Re5 $5 b4 35. Rc5 c3 36. bxc3 bxc3 37. Rxc3 $16) 34... b4 (34...
Rb6 $2 35. Rxe7+ $1 {Äåâÿòêèí}) 35. Kc1 (35. Rxe7+ $5 Rxe7 36. Bxe7 Rxe7 37.
Rc6 Re4 38. e3 Kd7 39. Rc5 a4 40. Rb5 (40. f3 $2 Kd6) 40... b3 41. a3 Re6 $1
42. Rd5+ (42. Rb4 $143 Rd6+ 43. Kc3 (43. Kc1 c3 44. bxc3 Ra6) 43... Rd3+ 44.
Kxc4 Rd2 45. Rxa4 Rxf2 46. Kxb3 Rxh2 47. Rh4 Re2 $1) 42... Kc6 43. Rd4 Kb5 44.
Kc3 Rc6 45. Rd7 $16) 35... Rb5 $1 36. Rfe6 Rbb7 37. Rf6 Rb5 38. Kc2 $1 Rd5 39.
Ree6 (39. Rxe7+ $5 Rxe7 40. Bxe7 Kxe7 41. Rc6 $16) 39... Rd4 40. f3 Rb7 41. a4
$6 (41. h4 $5 c3 $140 (41... b3+ $142 42. axb3 cxb3+ 43. Kc3 Rd1 $132) 42. bxc3
Rc4 43. Re5 $3 Rxc3+ 44. Kb1 b3 45. Rfe6 $18) 41... c3 42. Kb3 cxb2 (42... Rc4
$5 43. bxc3 $1 Rxc3+ 44. Kb2 Rc8 45. Re5 $1 Rd8 46. Rxa5 $18) 43. Kxb2 Rd2+ (
43... b3 $5 44. Bxe7 $140 (44. Rxe7+ Rxe7 45. Bxe7 Kxe7 46. Rb6 Rxa4) 44...
Rd2+ 45. Kc3 Rc2+ (45... b2 $4 46. Ba3+ Kd8 47. Rf8+ Kd7 (47... Kc7 48. Rf7+
Rd7 49. Bd6+ $1) 48. Re7+ Kc6 49. Rf6+ Kd5 50. Rd6# $1) 46. Kd3 Rxe7 47. Rxe7+
Kxe7 48. Rb6 Ra2 49. Rxb3 Kf6 (49... h5 $143 50. Kd4 $1 Rxa4+ 51. Ke5 $36) 50.
Rb6+ Kg5 51. h4+ Kh6 52. Rb7 Rxa4 $11) 44. Kb3 Rd7 (44... Rd1 $5 45. Bxe7 Rxe7
46. Rxe7+ Kxe7 47. Ra6 Rd5 48. Ra7+ Kf6 49. Rxh7 Rd2 50. Ra7) 45. h4 Rd5 (45...
Kd8 $4 46. Rf8#) 46. h5 $1 gxh5 47. Rh6 (47. Kc4 Rd2 48. Rxe7+ Rxe7 49. Bxe7
Kxe7 50. Rxf5 Rxe2 51. Rxa5 Re3 52. Kxb4 Rxf3 53. Rxh5 Rxg3 54. Rxh7+ Kd6 $11)
47... Rd2 (47... Kd8 $5 48. Bxe7+ (48. Rxh7 R5xd6 49. Rhxe7 Rxe7 50. Rxd6+ Kc7
51. Rd5 Kb6 52. Rb5+ Ka6 53. Rxf5 Rxe2 54. Rxh5 Re3+ 55. Kb2 Rxf3 $11) 48...
Rxe7 49. Rxe7 Kxe7 50. Rxh7+ Kd6 $140 51. Rh6+ Ke5 52. Rxh5 Kd4 $1 53. g4 Re5
$1 54. Rxf5 Re3+ 55. Kc2 Rxe2+ 56. Kc1 b3 $1 57. Rxa5 Re1+ 58. Kb2 (58. Kd2 b2
$3) 58... Kc4 59. Rb5 Re2+ 60. Kc1 $143 $2 (60. Ka1 Re1+ 61. Kb2 Re2+) 60...
Kc3 61. Rc5+ Kb4 62. Rb5+ Kc3 ({Õóæå} 62... Ka3 $143 {óáåäèòåñü ñàìè! ;)}) 63. Rc5+
Kb4 $11) 48. Ref6 Rxe2 49. Rxh7 Rb7 $4 (49... Rd8 {Äåâÿòêèí}) (49... Re3+ $1
50. Kb2 (50. Kc2 Rb7 $1 51. Rxe7+ Rbxe7 52. Bxe7 Kxe7 53. Rxf5 Kd6 54. Rxa5
Rxf3 55. Rxh5 Rxg3 $11) 50... Rd8 $1 (50... Re2+ $2 51. Kc1 Rb7 52. Bf4 $18)
51. Rxe7+ Rxe7 52. Bxe7 Rd2+ $1 (52... Kxe7 $144 53. Rxf5 Rd2+ 54. Kc1 Rd3) 53.
Kb3 (53. Kc1 Kxe7 54. Rxf5 Rd3) 53... Rd3+ 54. Kc4 Rc3+ 55. Kd4 Kxe7 56. Rxf5
Ra3 57. Rxa5 Rxf3 58. Rxh5 Rxg3 $11) 50. Bf4 $18 Kd7 (50... Rf2 51. Rh8+ Kd7
52. Rd6+ Kc7 53. Rd2+) (50... Ng8 51. Rh8 Rg7 52. Rxf5 Rf2 53. Rxa5 Rxf3+ 54.
Kxb4 Rd3 55. Ra8+ Kf7 56. Rxh5 $18) 51. Rxf5 $6 (51. Rd6+ $142 $1 Ke8 52. Rh8+
Kf7 53. Bh6 $1) 51... Ke6 $4 (51... Ra7 $142 $5) 52. Rxa5 Nc6 $4 53. Rh6+ 1-0

[Event "Aerosvit 2007"]
[Site "Foros RUS"]
[Date "2007.06.25"]
[Round "7"]
[White "GM Jakovenko, Dmitry(RUS)"]
[Black "GM Rublevsky, Sergei(RUS)"]
[Result "1/2-1/2"]
[WhiteElo "2708"]
[BlackElo "2680"]
[Annotator "Ëåáåäåâ Âàñèëèé"]
[PlyCount "53"]
[EventDate "2007.06.25"]

{Ýòó êîðîòêóþ íè÷üþ îñîáî îáîçðåâàòü íå áóäó. Òàê, îòìå÷ó
ïàðî÷êó-òðîå÷êó èíòåðåñíûõ ìîìåíòèêîâ...} 1. e4 c5 2. Nf3 e6 3. d4 cxd4 4.
Nxd4 Nc6 5. Nc3 Qc7 ({
×àùå Ñåðãåé ïåðåâîäèò èãðó íà äðóãèå ñèöèëèàíñêèå ðåëüñû -} 5... a6 {è ò.ä.})
6. Be2 Nf6 7. O-O Be7 8. Kh1 O-O 9. f4 d6 10. Be3 Nxd4 11. Qxd4 b6 12. Bf3 Bb7
13. Nb5 Qb8 14. c4 a6 {
È ïîëó÷èëñÿ ¸æèê! Íåâèäàííîé äîñåëå (ñóäÿ ïî ÌåãàÁàçå) ïðèðîäû.} (14... Rd8
$145 15. Nc3 (15. a4 Nd7 16. Rad1 Nc5 17. e5 Bxf3 18. gxf3 dxe5 19. Qxe5 Qxe5
20. fxe5 Nxa4 21. Rxd8+ Rxd8 22. Nxa7 Rd3 23. Ra1 Rxe3 24. Nc6 Bc5 25. Rxa4 g5
26. b4 Re1+ 27. Kg2 Rg1+ 28. Kh3 Be3 29. Ra3 Bf4 30. Rc3 h5 31. c5 bxc5 32.
Rxc5 Kh7 33. Rc2 g4+ 34. fxg4 hxg4+ 35. Kh4 Kh6 36. Rg2 Rxg2 {
0-1 Hartung,J (2226) - Kaufeld,J (2261)/Belgium 2006}) 15... Nd7 16. Rad1 Nc5
17. Qd2 Bf6 18. Bd4 e5 19. Bxc5 dxc5 20. Nd5 exf4 21. b4 cxb4 22. Qxb4 Qe5 23.
a4 Bxd5 24. exd5 Rac8 25. Rfe1 Qd6 26. Qxd6 Rxd6 27. Bg4 Rcd8 28. Re4 Bg5 29.
a5 g6 30. axb6 axb6 31. Re2 h5 32. Bf3 Kg7 33. Kg1 Rc8 34. Rc2 Be7 35. Kf1 Rf6
36. Rb1 Bc5 37. Rd1 Re8 38. Re2 Re3 39. Rc1 g5 40. h3 Rh6 41. Rd1 h4 42. Ra2
Rc3 43. Be2 Rf6 44. Rad2 Rd6 45. Ra2 f5 46. Ra7+ Kg6 47. Rc7 Rc2 48. Re1 g4 49.
Rc6 f3 50. Rxd6+ Bxd6 51. gxf3 g3 52. f4 Bc5 53. d6 Bxd6 54. Kg2 Bb4 {
(0-1 Nikac,P (2371) - Atalik,S (2593)/Herceg Novi 1999).}) 15. Nc3 b5 $1 {
¨æèê ñðàçó æå âûïóñêàåò èãîëêè!} 16. cxb5 axb5 17. a3 ({Êîíå÷íî, íå} 17. Nxb5
$2 {èç-çà} Bxe4 $1 {, è, ïîõîæå, ÷òî ÷¸ðíûå óâîäÿò èíèöèàòèâó èç ïîä íîñà
áåëûõ, êàê ÷óæóþ íåâåñòó.}) 17... Bc6 ({
Áûòü ìîæåò, è âòîðîé òèïîâîé «åæîâûé» óäàð áûë òóò ê ìåñòó:} 17... d5 $5 {
È äàëåå, íàïðèìåð:} 18. exd5 ({à åñëè} 18. e5 {,  òî} Ne4 19. Bxe4 dxe4 20. Qd7
Bh4 21. Rfd1 b4 22. axb4 Rd8 23. Qb5) 18... Nxd5 19. Nxd5 (19. Bxd5 Rd8 $1)
19... Bxd5 20. Bxd5 Ra4 $1 21. Qb6 Qxb6 22. Bxb6 exd5 23. Rad1 Rb8 24. Rfe1 Bf8
25. Be3 b4 {ñ ïîëíûì óðàâíåíèåì}) ({Íî òðåáóåò (ïîñëå} 17... d5 $5 {)} {
òùàòåëüíîé ïðîâåðêè} 18. e5 {è äàëåå} Ne4 19. Bxe4 $1 (19. Nxe4 $143 dxe4 20.
Be2 Rd8 21. Qc3 Rc8 22. Qb3 Bd5 23. Qxb5 Rc2 $44) ({èëè} 19. Nxb5 Ba6 $1 20. a4
Nc5 $1 21. Qb4 $140 Nxa4 $1 {È êîíü òóò íàïðûãàåòñÿ ââîëþ!} 22. Qxe7 ({èëè} 
22. Qxa4 Bxb5 23. Qxa8 Qxa8 24. Rxa8 Rxa8 $15) 22... Bxb5 23. Rfc1 ({èëè} 23.
Rf2 Nxb2 $1 24. Rb1 Re8 $1 $15 25. Qg5 Nd3 26. Rd2 Qc7 27. f5 Qxe5 $1 $17)
23... Nxb2 24. Rxa8 (24. Rab1 $143 Bd3 25. Ra1 Rxa1 26. Rxa1 Be4) 24... Qxa8
25. Qb4 Nc4 $1 $15) 19... dxe4 20. Qd7 b4 $1 21. Qxe7 bxc3 22. bxc3 Bd5 {
, - ÷¸ðíûå «äàâÿò», íî ó áåëûõ ëèøíÿÿ ïåøêà, ïóñòü è ñëîíû òóò «ðàçíîöâåòíûå
»...}) 18. b4 Rd8 19. Qd3 Qb7 {Âñ¸-òàêè ÷óâñòâóåòñÿ, ÷òî Ñåðãåé Ðóáëåâñêèé
ïðèåõàë â Ôîðîñ ïîñëå èçíóðèòåëüíûõ ïðåòåíäåíòñêèõ ìàò÷åé.} ({
Íàâåðíîå, ìîæíî áûëî áîðîòüñÿ çà ïåðåâåñ ïîñðåäñòâîì} 19... d5 $5 20. e5 Ne4 {
è ò.ä.}) {Íî ÷¸ðíûå äîæèäàþòñÿ, êîãäà ïåøêà b4 îñòàíåòñÿ áåç çàùèòû...} 20.
a4 {È òîëüêî òîãäà äâèãàþò} d5 $1 ({
À çäåñü, â àíàëèçå, î÷åíü ëåãêî êèíóòü ÷óæóþ ëàäüþ â òîïêó:} 20... Rxa4 $5
21. Nxa4 bxa4 22. Rfc1 d5 {
, õî÷åòñÿ íàäåÿòüñÿ, ÷òî ó ÷¸ðíûõ òóò êîìïåíñàöèÿ.}) 21. e5 {
È ñëåäóåò ôîðñèðîâàííûé âàðèàíò.} (21. exd5 $143 Nxd5 22. Nxd5 {
è çäåñü âïîëíå ìîãëî ïîñëåäîâàòü} Rxd5 $1 23. Bxd5 Bxd5 $44) 21... Ne4 22. axb5
Nxc3 (22... Rxa1 $144 23. Rxa1 Nxc3 24. bxc6 Qxc6 {è åñëè} 25. Ra6 $1 {
, è óðàâíèâàåò ïîëîæåíèå ýôôåêòíîå} Qb5 $1 ({óæàñíî} 25... Qc7 $4 {èç-çà} 26.
Ra7 $18) ({íî ìîæíî} 25... Qc4 26. Qxc4 dxc4 27. Rc6 Nd5 28. Bd4 c3 $1 $11) 26.
Qxb5 Nxb5 27. Rb6 d4 $1 {è ò.ä.}) 23. bxc6 Qxc6 24. Bc5 Rxa1 $8 (24... Bxc5 $4
25. Qxc3 $18) 25. Rxa1 Ne4 26. Bxe4 $6 (26. Bg1 $142 $5 Rb8 27. Ra6 Qc8 28. Ra7
Bf8 29. Bxe4 dxe4 30. Qxe4 Rxb4 31. Ra8 $1 $11 {Èáî ïîñëå õîäà â ïàðòèè , êàê
ìíå êàæåòñÿ, ÷¸ðíûå ìîãëè åù¸ íåìíîãî ïîèãðàòü...}) 26... dxe4 27. Qe2 (27.
Qe3 $143 Rd3 28. Qe2 Bxc5 29. bxc5 Qd5 $1) ({À ïîñëå} 27. Qe2 {, êàê ìíå êàæåòñÿ,
÷¸ðíûì ñòîèëî ñäåëàòü åù¸ íåñêîëüêî õîäèêîâ, íàïðèìåð, òàêèõ -} Bxc5 28.
bxc5 (28. Rc1 $2 e3 $1 29. Rxc5 (29. bxc5 Rd2 30. Qf3 Qxf3 31. gxf3 e2 $19)
29... Qe4 $17) 28... Qxc5 ({
à ìîæåò ñ ýòèì âçÿòèåì è íå ñòîèò ñïåøèòü, è ñäåëàòü ôîðòî÷êó -} 28... g6 $5)
29. Qxe4 g6 {È äëÿ íà÷àëà «ïðè÷åïèòüñÿ» îáîèìè òÿæ¸ëûìè ôèãóðàìè ê ïåøêå
f4, cêîâàòü ñèëû ïðîòèâíèêà, à òàì âèäíî áóäåò...}) 1/2-1/2

[Event "Aerosvit 2007"]
[Site "Foros RUS"]
[Date "2007.06.25"]
[Round "7"]
[White "GM Karjakin, Sergey(UKR)"]
[Black "GM Van Wely, Loek(NED)"]
[Result "1-0"]
[WhiteElo "2686"]
[BlackElo "2674"]
[Annotator "Ëåáåäåâ Âàñèëèé"]
[PlyCount "69"]
[EventDate "2007.06.25"]

1. e4 c5 2. Nf3 d6 3. d4 cxd4 4. Nxd4 Nf6 5. Nc3 a6 6. Be3 e5 {Áóêâàëüíî õèò
Ôîðîñà! ß óæå ñáèëñÿ ñî ñ÷¸òà ñêîëüêî ðàç âñòðå÷àëàñü ýòà ïîçèöèÿ â ïàðòèÿõ
êðûìñêîãî òóðíèðà. Ïðè¸ì â îñíîâíîì ñòàðàíèÿìè Ëþêà âàí Âåëè} 7. Nf3 {
Íå ñàìîå àêòóàëüíîå ïðîäîëæåíèå. Íî ïîèñê ïî áàçå âûÿâèë òîò ôàêò, ÷òî ïðîòèâ
Ñåðãåÿ ÷àñòåíüêî èçáèðàëè ýòî îòñòóïëåíèå íå ñàìûå ñëàáûå øàõìàòèñòû: Òîïàëîâ,
Ìàìåäüÿðîâ, Êàðëñåí, è ñ íåïëîõèìè ðåçóëüòàòàìè...} ({
Ãîðàçäî ÷àùå âñòðå÷àåòñÿ} 7. Nb3 {, â òîì ÷èñëå è â ïàðòèÿõ Êàðÿêèíà.}) 7...
Be7 8. Bc4 O-O 9. O-O Nc6 (9... Be6 10. Bb3 Nc6 11. Qe2 Na5 12. Rfd1 Qc7 13.
Nd5 Nxd5 14. Bxd5 Rac8 15. c3 Nc4 16. Bg5 Bxd5 17. Rxd5 Rfd8 18. Rad1 b5 19.
Bc1 h6 20. h3 Nb6 21. R5d3 Nd7 22. Nh2 Qc4 23. b3 Qe6 24. Ba3 Nf6 25. Ng4 Nxg4
26. Qxg4 Rc6 27. Qe2 Rdc8 28. Bb4 Bf8 29. Kh2 Qf6 30. g3 Qd8 31. Qd2 Qb6 32.
Kg2 Kh7 33. Bxd6 Bxd6 34. Rxd6 Qa5 35. Rxc6 Rxc6 36. Rc1 Qc7 37. Rc2 Rc5 38.
Qd3 Qc6 39. c4 f6 40. cxb5 axb5 41. Rd2 b4 42. Qf3 Qc8 43. h4 Rc3 44. Qe2 Qc6
45. h5 Qb7 46. Qg4 Rc8 47. Rd7 f5 48. Qxg7# {
(1-0 Karjakin,S (2672) - Zhao Xue (2467)/Cap d'Agde 2006).}) 10. Re1 b5 11. Bf1
Rb8 12. Bg5 Ng4 13. Bc1 ({Ïàðòèÿ òîï-èãðîêîâ áûëà ïðîêîììåíòèðîâàíà çäåñü:
https://online.crestbook.com/ml07-08.htm.} 13. Bd2 Be6 14. Nd5 h6 15. h3 Nf6 16.
c4 Qd7 17. b3 Bd8 18. Rc1 Bxd5 19. cxd5 Ne7 20. Bd3 Bb6 21. Nh4 g5 22. Nf3 Rfc8
23. Rxc8+ Rxc8 24. Nh2 Ng6 25. Ng4 {
(1/2 Anand,V (2779) - Topalov,V (2783)/Morelia/Linares MEX/ESP 2007).}) ({
À â ïàðòèè-ïåðâîèñòî÷íèêå áåëûå íå íàøëè íè÷åãî ëó÷øå, íåæåëè ñâåðíóòü èãðó:
} 13. Bxe7 Nxe7 14. a3 Bb7 15. Qd2 Qc7 16. Rad1 Rfd8 17. h3 Nf6 18. Qe3 Bc6 19.
Bd3 Re8 {(1/2 Short,N (2645)-Ehlvest,J (2630)/Horgen 1995).}) 13... Qb6 14. Qd2
Nf6 $146 ({Â ïàðòèè-ïðåäøåñòâåííèöå «ïåðåïèñî÷íèêè» èãðàëè òàê:} 14... Be6
15. h3 Nf6 16. Nd5 Bxd5 17. exd5 Na5 18. b3 Nb7 19. b4 $1 {
À ìíå äâà ïîñëåäíèé õîäà áåëûõ ïîíðàâèëèñü!} a5 20. Rb1 a4 21. Bb2 Bd8 22. c4
$1 bxc4 23. Bxc4 Qa7 24. a3 $14 {Íî êàê-òî íåçàìåòíî, ÷¸ðíûå ïåðåèãðàëè
ñâîåãî ïðîòèâíèêà. È õîðîøî, ÷òî åù¸ ïîëó÷èëàñü íè÷üÿ:} Bb6 25. Nh4 g6 26.
Nf3 Rfc8 27. Rbc1 Nh5 28. Rc2 f6 29. Nh2 Nd8 30. Ng4 Nf7 31. Rec1 f5 32. Nh6+
Nxh6 33. Qxh6 Ng3 34. Bd3 Rxc2 35. Rxc2 Ne4 36. Bxe4 fxe4 37. Qh4 e3 38. fxe3
Bxe3+ 39. Kh2 Rf8 40. Qg4 Bf4+ 41. g3 Bh6 42. Qe6+ Kg7 43. Rg2 Qc7 44. Qg4 Rf6
45. b5 Qa7 46. Qc4 Be3 47. Bc3 Qc5 48. Qxc5 Bxc5 49. Bb4 Rf3 {
(1/2 Goosey,R (2386) - Carroll,P (2242)/corr ENG 1999/MegaCorr4).}) 15. h3 {
×¸ðíûì ôèãóðàì íà g4 ïóòü òåïåðü çàêàçàí.} Re8 16. Qd1 $5 {Ôåðçü íàáèðàåòñÿ
ñèë ïåðåä ìàðø-áðîñêîì íà êîðîëåâñêèé ôëàíã, êîòîðûé íåïðåìåííî ïîñëåäóåò} h6
17. b3 Bf8 {Êàê-òî íåêîíêðåòíî ñûãðàíî (ÈÌÕÎ).} ({Ìîæíî áûëî ïîïûòàòüñÿ
íàðóøèòü ìîáèëèçàöèîííûå ïëàíû áåëûõ, ïðèìåðíî òàêèì âîò îáðàçîì:} 17... Qc5 $5
18. Nd5 Nxd5 19. exd5 Na5 20. Qd2 $5 (20. Bd3 $143 f5) 20... Qc7 21. Bb2 Bf6 (
21... Bd7 $2 22. Nxe5 $1) 22. Bc3 Nb7 23. b4 Bd7 $13) ({Èëè} 17... Be6 $5 18.
Nd5 Bxd5 $1 19. exd5 Nb4 20. c4 bxc4 21. bxc4 a5 $1 {
, ïåðåêèäûâàÿ êîíÿ(åé) íà ñ5}) 18. a4 b4 ({Òåïåðü} 18... Qc5 {
óæå «íå âíóøàåò» èç-çà} 19. axb5 $1 axb5 (19... Qxc3 20. Bd2 Qc5 21. bxc6
Qxc6 22. Bd3 $14) 20. Nxb5 Rxb5 21. Be3 $1 Nd4 22. Nxd4 exd4 23. Bxd4 Qc6 24.
Bxb5 Qxb5 25. Bxf6 gxf6 26. Re3 $1 $14) 19. Nd5 Nxd5 20. exd5 Na5 {Çàäíèì ÷èñëîì
ïðè÷èñëÿåì ýòî ïðîäîëæåíèå â ïåðâîïðè÷èíû ïðîèãðûøà ÷¸ðíûõ, íî, âèäèìî,
õîä ýòîò âñ¸ æå íåïëîõîé.} ({Äóìàåòñÿ, íåïëîõî áûëî è} 20... Ne7 $5 {
- è ê êîðîëþ ñêà÷à ïîáëèæå, è ê öåíòðîâîé ïåøêå áåëûõ öåïëÿÿñü.}) 21. Be3 (
21. Qd3 $5) 21... Qc7 $6 ({Ëó÷øå} 21... Qb7 $1 {ñ î÷åíü ïðîñòîé èäååé - íå
äîïóñòèòü ïåðåâîäà êîíÿ íà ñ4, èáî âèñèò ïåøêà íà d5!}) 22. Nd2 f5 23. Nc4 Be7
$2 {Åñëè íå ðåøàþùàÿ, òî óæ òî÷íî ñåðü¸çíàÿ îøèáêà.} ({Ïîñëå} 23... Nxc4 24.
Bxc4 Qf7 {ôåðçü áåëûõ õîòÿ áû íå ïîïàäàë íà h5.}) 24. Qh5 $1 {
Îñóùåñòâëÿÿ äàâíî çàäóìàííîå. Êñòàòè, âèñèò ëàäüÿ.} Rf8 {
È âíèìàíèå, íà÷èíàåòñÿ ôååðèÿ.} ({Íî ïåðåä ôååðèåé ïðîâåðèì êîððåêòíîñòü
çàìûñëà áåëûõ â ñëó÷àå «ñîåäèíèòåëüíîãî», íî ñîìíèòåëüíîãî} 24... Bd7 $2 25.
Nxa5 $1 Qxa5 26. Bxh6 $1 {, âûèãðûâàÿ ïåøêó, èáî ïîñëå} gxh6 {ñëåäóåò} 27. Qg6+
Kh8 28. Qxh6+ Kg8 29. Re3 $1 f4 30. Bd3 $1 $18 ({íî íå} 30. Rxe5 dxe5 31. d6
Rbc8 $1 {è ê áåëûõ òóò òîëüêî íè÷üÿ ñî ñêðèïîì â ëó÷øåì ñëó÷àå ïîëó÷àåòñÿ})
) ({Íó, åù¸ ïîïðîáóåì ïàðèðîâàòü íàïàäåíèå íà ñâîþ ëàäüþ ïóò¸ì} 24... Kf8 $5 {
Òîãäà ñëåäóåò} 25. Bxh6 $1 $40 {è ëèøíåé ïåøêîé} ({
òåïåðü ñëîíà æåðòâîâàòü íàäî áåç ïðåäâàðèòåëüíîãî} 25. Nxa5 {, ÷òî âåä¸ò ïîñëå
} Qxa5 26. Bxh6 {òîëüêî ê íè÷üåé:} gxh6 27. Qxh6+ Kf7 28. Be2 Rf8 $8 29. Bh5+
Kg8 30. Bg6 Rf7 {, è áåëûì íàäî îáúÿâëÿòü âå÷íûé øàõ.}) 25... Nxc4 26. Bxc4
gxh6 27. Qxh6+ Kf7 (27... Kg8 28. Qg6+ Kf8 29. Rxe5 $1) 28. Qh7+ Kf6 29. Rxe5
$3 ({åñòü è âòîðîå ðåøåíèå:} 29. Be2 $1) 29... Kxe5 $140 30. Qg7+ Kf4 31. Qg3+
Ke4 32. Qe3#) ({Íó, åù¸ ðàçáåð¸ì è} 24... Rd8 25. Bxh6 $1 (25. Nxa5 $143 Qxa5
26. Bxh6 gxh6 27. Qg6+ Kf8 {, è áîëüøå âå÷íîãî øàõà îáíàðóæèòü íå óäàëîñü})
25... Nxc4 $1 {Ñàìîå ëó÷øåå} (25... gxh6 $143 26. Qg6+ Kf8 27. Qxh6+ Kg8 (
27... Kf7 28. Qh7+ Kf6 29. Be2 $1 $18) 28. Qg6+ Kf8 (28... Kh8 29. Nxa5 Qxa5
30. Re3 $18) 29. Be2 $1 Rb7 30. Qh7 $5 ({âèäèìî, ïîñèëüíåå} 30. Ne3 $1 Qd7 31.
Bxa6 Qe8 32. Qh6+ Kg8 33. Bxb7 Nxb7 34. Nc4 $16) 30... Bf6 31. Qxc7 Rxc7 32.
Nxa5 Rxc2 $140 $2 (32... e4 $142) 33. Nc6 Rd7 34. Nxb4 Rc3 35. Rac1 Rdc7 36.
Nc6 Rxb3 37. Nxe5 $1) 26. Qg6 $1 (26. Bxc4 $143 {
, ÷òî äîêàçûâàåòñÿ ñëåäóþùèì «ýëåìåíòàðíûì» âàðèàíòîì:} gxh6 27. Qg6+ Kf8
28. Qxh6+ Kg8 29. Rxe5 $1 Bf8 $1 30. Qh4 Qg7 31. Rae1 Bd7 32. Re7 Qh6 $1 33.
Qg3+ Bg7 34. R1e3 Kh8 35. Rxg7 $1 {(ïîõîæå, ëó÷øåå)} Qxg7 36. Qh4+ Qh7 37.
Qf6+ Qg7) 26... Bf6 27. Bxc4 Qf7 28. Qxf7+ Kxf7 29. Bd2 {
, - è áåëûì ïðåäñòîèò äîëãàÿ ðåàëèçàöèÿ.}) 25. Nxa5 Qxa5 {
Ïîäãîòîâèëèñü - óáðàâ ñ àâàíñöåíû ÷¸ðíîãî ôåðçÿ. È ïîêàòèëè -} 26. Bxh6 $1 ({
Ïîïðîáóåì áûòü áîëåå ìåðêàíòèëüíûìè -} 26. Qg6 f4 27. Bd3 Rf6 (27... fxe3 $4
28. Qh7+ Kf7 29. Bg6+ Kf6 30. fxe3 $18) 28. Qe8+ Bf8 29. Ba7 Ra8 30. Qc6 Rxa7
31. Qxc8 $14 {, è ãäå çäåñü âäîõíîâåííàÿ àòàêà, ãäå ìàò? Ôè! È ïîäåëîì!}) 26...
gxh6 $4 {Ìãíîâåííî, ñ òðåñêîì è áëåñêîì ïðîèãðûâàåò.} ({
Íàäî áûëî «ñäåëàòü âèä», ÷òî ÷¸ðíûé îòðÿä íå çàìåòèë ïîòåðè  -} 26... Bd7 {
, è ìóæåñòâåííî ñðàæàòüñÿ áåç ïåøêè. Èáî òåïåðü ñëåäóåò æåñòîêèé ðàçãðîì.}) {
Íî êàê æå êðàñèâî è ýñòåòè÷íî ýòî âñ¸ ïðîèñõîäèò!} 27. Qg6+ Kh8 28. Qxh6+ Kg8
29. Qg6+ ({Ðàíî} 29. Rxe5 $2 Rf7 $1) 29... Kh8 30. Re3 $1 f4 ({Â ñëó÷àå} 30...
Bh4 {ïîâåðèì íà ñëîâî ðûáîíüêå, óòâåðæäàþùåé, ÷òî ëó÷øåå çäåñü -} 31. Qxd6
$18) 31. Rxe5 $3 $18 {Ïðåêðàñíî!} dxe5 32. Qh6+ (32. Bd3 $2 Bf5 $11) 32... Kg8
33. d6 Rf7 ({Èëè} 33... Qd8 34. Bc4+ Rf7 35. dxe7 Qxe7 36. Qg6+ Kf8 37. Bxf7
Qxf7 38. Qd6+) ({Èëè} 33... Bb7 34. Qg6+ Kh8 35. dxe7 Rfe8 36. Rd1 $1 $18 {
, ïîäãîòàâëèâàÿ ñìåðòåëüíûé âûïàä ñëîíà íà ñ4, ïîñëå Qh6. È âîñïðåïÿòñòâîâàòü
ýòîìó íåëüçÿ:} Bd5 37. Qh5+ Kg8 38. Qxe5 $18) 34. Bc4 {Êàðòèííàÿ ïîçèöèÿ!} Bf5
({«Çàùèòà»} 34... Qd8 {óæå áûëà ðàçîáðàíà.}) 35. dxe7 {È ñòîèò ëè òóò
ïðèâîäèòü âàðèàíòû, ïîäòâåðæäàþùèå ïðàâèëüíîñòü ïðèíÿòîãî ÷¸ðíûìè ðåøåíèÿ
ñäàòüñÿ?} 1-0